000 00364nam a2200145Ia 4500
008 231129s1985||||xx |||||||||||||| ||spa||
020 _a84-7348-130-5
040 _bspa
082 _aF843 V531n
100 _aVerne Julio
245 0 _aLas indias negras
260 _c1985
264 _aVilmar Ediciones
942 _2ddc
_cBKS
999 _c18784
_d18784